Chargement en cours...
Chempulmettil neelakkuthirakal /
| Auteur principal: | |
|---|---|
| Format: | Printed Book |
| Langue: | Malayalam |
| Publié: |
Kozhikode :
Madona ,
1991.
|
| LEADER | 00476nam a2200133Ia 4500 | ||
|---|---|---|---|
| 008 | 150624b xxu||||| |||| 00| | mal d | ||
| 082 | |a 891.7242S1 | ||
| 100 | |a Sukumaran T. P. | ||
| 245 | |c Sukumaran T. P. |a Chempulmettil neelakkuthirakal / | ||
| 260 | |a Kozhikode : |b Madona , |c 1991. | ||
| 546 | |a In Malayalam. | ||
| 942 | |c BK | ||
| 999 | |c 82746 |d 82746 | ||
| 952 | |0 0 |1 0 |4 0 |6 891_000000000000000_7242S1_REV_M |7 0 |9 82690 |a UL |b UL |c ST2 |d 1998-08-28 |l 0 |o 891.7242S1 REV M |p 65560 |r 2012-10-27 |w 2012-10-27 |y BK | ||